Management of disconnected pancreatic duct syndrome: Current state of the art (notice n° 2053564)

détails MARC
000 -LEADER
fixed length control field 01974cam a2200181 4500500
005 - DATE AND TIME OF LATEST TRANSACTION
control field 20260405002034.0
041 ## - LANGUAGE CODE
Language code of text/sound track or separate title fre
042 ## - AUTHENTICATION CODE
Authentication code dc
100 10 - MAIN ENTRY--PERSONAL NAME
Personal name Lambin, Thomas
Relator term author
245 00 - TITLE STATEMENT
Title Management of disconnected pancreatic duct syndrome: Current state of the art
260 ## - PUBLICATION, DISTRIBUTION, ETC.
Date of publication, distribution, etc. 2026.<br/>
500 ## - GENERAL NOTE
General note 62
520 ## - SUMMARY, ETC.
Summary, etc. Disconnected pancreatic duct syndrome (DPDS) refers to a complete loss of continuity of the main pancreatic duct between the viable, secreting parenchyma and the downstream pancreas. It represents an underrecognized but relatively frequent complication of necrotizing acute pancreatitis and, more rarely, pancreatic trauma. Diagnosis is based on the identification of a necrotic area of at least 2 cm, the presence of viable upstream parenchyma, and contrast extravasation during pancreatography. The main clinical manifestations include persistent or recurrent pancreatic fluid collections, external pancreatic fistulas, and pancreatic ascites. Cross-sectional imaging modalities such as MRI and CT are the key diagnostic tools. Management of DPDS is primarily endoscopic, particularly through endoscopic ultrasound-guided transmural drainage of pancreatic collections, which enables long-term diversion of pancreatic secretions into the digestive tract. Prolonged placement of double-pigtail plastic stents appears to reduce the risk of recurrence. Surgery remains an option in cases of failure of endoscopic approaches. DPDS should be systematically investigated following necrotizing acute pancreatitis. Early recognition and an appropriate, tailored therapeutic strategy help to limit complications and improve long-term outcomes.
700 10 - ADDED ENTRY--PERSONAL NAME
Personal name Napoléon, Bertrand
Relator term author
700 10 - ADDED ENTRY--PERSONAL NAME
Personal name Leblanc, Sarah
Relator term author
786 0# - DATA SOURCE ENTRY
Note Hépato-Gastro & Oncologie Digestive | 33 | 2 | 2026-02-24 | p. 166-173 | 2115-3310
856 41 - ELECTRONIC LOCATION AND ACCESS
Uniform Resource Identifier <a href="https://stm.cairn.info/journal-hepato-gastro-oncologie-digestive-2026-2-page-166?lang=en&redirect-ssocas=7080">https://stm.cairn.info/journal-hepato-gastro-oncologie-digestive-2026-2-page-166?lang=en&redirect-ssocas=7080</a>

Pas d'exemplaire disponible.

PLUDOC

PLUDOC est la plateforme unique et centralisée de gestion des bibliothèques physiques et numériques de Guinée administré par le CEDUST. Elle est la plus grande base de données de ressources documentaires pour les Étudiants, Enseignants chercheurs et Chercheurs de Guinée.

Adresse

627 919 101/664 919 101

25 boulevard du commerce
Kaloum, Conakry, Guinée

Réseaux sociaux

Powered by Netsen Group @ 2025